|
|
|
|
| LEADER |
00000cam a2200000 a 4500 |
| 001 |
vtls001465755 |
| 003 |
SK-MaSNL |
| 005 |
20260302073247.0 |
| 008 |
240226s2003 xo a g 000 j slo |
| 015 |
|
|
|a SNBA2004/06-03315
|
| 020 |
|
|
|a 8088977827
|
| 035 |
|
|
|a SNK000421060
|
| 035 |
|
|
|a urn:nbn:sk:snk-amkonx
|
| 035 |
|
|
|a urn:nbn:sk:snk-am003gud
|
| 035 |
|
|
|a 3DBED6AA-2E7D-4C6E-9BB5-4A509410F65B
|
| 040 |
|
|
|a SNK
|b slo
|c SNK
|e AACR2
|
| 041 |
0 |
|
|a slo
|
| 044 |
|
|
|a xo
|c SK
|
| 072 |
|
7 |
|a 821.162.4-3
|x Slovenská próza
|2 konspekt
|
| 080 |
|
|
|a 639.1
|2 1981
|
| 080 |
|
|
|a 821.162.4-32
|2 1981
|
| 100 |
1 |
|
|a Mráz, Igor,
|d 1951-2010
|4 aut
|9 163465
|
| 245 |
1 |
0 |
|a Horár Sever
|b poľovnícke poviedky z Liptova
|n 8. diel
|p Spod korún svrčín
|c Igor Mráz ; [ilustrácie Peter, Zuzana a Adam Dankovci]
|
| 246 |
3 |
0 |
|a Spod korún svrčín
|
| 250 |
|
|
|a [1.vyd.]
|
| 260 |
|
|
|a Ružomberok
|b Epos
|c 2003
|
| 300 |
|
|
|a 219 s.
|b ilustr.
|c 21 cm
|
| 490 |
1 |
|
|a Beletria
|v 14
|
| 500 |
|
|
|a Ilustr. na tit. strane
|
| 500 |
|
|
|a Malý slovník
|
| 650 |
0 |
7 |
|a poľovníctvo
|2 SNKPH
|9 2774
|
| 651 |
|
7 |
|a Liptov (Slovensko : región)
|2 SNKPH
|9 151081
|
| 655 |
|
7 |
|a slovenské poviedky
|2 SNKPH
|9 70226
|
| 700 |
1 |
|
|a Danko, Peter
|4 ill
|9 421654
|
| 700 |
1 |
|
|a Danková, Zuzana
|4 ill
|9 342309
|
| 700 |
1 |
|
|a Danko, Adam
|4 ill
|9 566903
|
| 830 |
|
0 |
|a Beletria
|9 294194
|
| 919 |
|
|
|a 80-88977-82-7
|
| 958 |
|
|
|a LX
|
| 968 |
|
|
|d 821
|
| 999 |
|
|
|c 1160125
|d 1162055
|
| 952 |
|
|
|t P60, <03>, [BOOK], {603}
|a SNK
|b SNK
|y PREZ
|7 0
|p 17A0408439
|o snkSC 98027/8
|i snkKSP 174/2004
|0 0
|1 0
|4 0
|d 2004-01-09
|f 1
|l 0
|r 2025-09-18 00:00:00
|w 2026-02-24
|
| 952 |
|
|
|t P60, <04>, [BOOK], {604}
|a SNK
|b SNK
|y VYP
|7 0
|p 17A0408438
|o snkSC 98027/8 D1
|i snkKSP 175/2004
|0 0
|1 0
|4 0
|d 2004-01-09
|l 0
|r 2005-01-02 00:00:00
|w 2026-02-24
|